Postre - ¡Muerte Súbita! - Estadísticas

Estadísticas generales
  • Esta prueba ha sido intentada 63 veces
  • La puntuación promedio es 6 de 16
Answers on the Grid
Answers color-coded by a green-red scale on the quiz's grid according to % correct below.
Crème brûlée
Profiteroles
Pera al vino
Sfouf
Pastel de batata
Tavče gravče
Nihari
Chankonabe
Pudding and souse
Sukiyaki
Sauerbraten
Kürtőskalács
Pastel de chocolate fundido
Şekerpare
Bún bò huế
Poutine
Pom
Sancocho
Chipa guasu
Morcilla
Tocino de cielo
Tiramisú
Gelato
Banana split
Lupis / Lopis
Sakuramochi
Lamington
Pouding-chômeur
 
Estadísticas de respuestas
Respuesta % Correcto
Tiramisú
80%
Banana split
76%
Gelato
76%
Profiteroles
72%
Crème brûlée
70%
Pera al vino
70%
Pastel de chocolate fundido
62%
Tocino de cielo
50%
Pouding-chômeur
34%
Pastel de batata
22%
Sakuramochi
10%
Kürtőskalács
4%
Lamington
4%
Lupis / Lopis
4%
Şekerpare
4%
Sfouf
4%
No se encontraron pruebas coincidentes
Distribución de puntuación
Porcentaje de gente con cada puntuación
Porcentaje por número respondido
Historial de tus puntuaciones
No has intentado esta prueba.